000 01091nam0a2200325 i 4500
001 RU\NLR\BIBL_A\010887609
005 20241103082925.0
010 _a9785699758746
_94 000
021 _aRU
_b2015-81196
_94933
035 _a(NILC)RuMoRGB-008047762
035 _a(NLR Aleph) 010887609
090 _a10534607
_c10534607
100 _a20151112d2015 km y0rusy50 ca
101 0 _arus
102 _aRU
105 _aac z 000yy
200 1 _aУвлекательная химия
_eиллюстрированный путеводитель
_f[Ковзун Дмитрий Юрьевич и др.]
210 _aМосква
_cЭ
_d2015
215 _a95 с.
_cцв. ил., портр.
_d29
225 1 _aЗанимательная энциклопедия
333 _a6+
606 _aХимия
_jПопулярные издания
_9898913
_3RU\NLR\AUTH\666296
675 _a54
686 1 _aГ.я9
702 1 _aКовзун
_bД.Ю.
_gДмитрий Юрьевич
_4220
801 0 _aRU
_bРГБ
_c20151020
_gRCR
942 _cBOOK
980 _aNBR